000 00999nam a2200241 a 4500
008 120626s1998 ||||||||||||||||| || u
020 _a0585244510 (electronic bk.)
020 _a0750698993 (acid-free paper)
050 _aTD 145 Pei
100 _aPeirce, J. Jeffrey
245 1 0 _aEnvironmental pollution and control
_cby J. Jeffrey Peirce; Ruth F. Weiner; P. Aarne Vesilind
250 _a4th ed.
260 _aBoston:
_bButterworth-Heinemann
_c1998
300 _axiv, 392p.: ill.
350 _a0.00
650 0 _aENVIRONMENTAL ENGINEERING
700 _aVesilind, P. Aarne
700 _aWeiner, Ruth F
856 _uhttp://www.netLibrary.com/urlapi.asp?action=summary&v=1&bookid=34017
856 _uhttp://www.loc.gov/catdir/description/els032/97020292.html
856 _uhttp://www.loc.gov/catdir/toc/els032/97020292.html
995 _FCBU-MAIN LIBRARY (Kitwe)
_I0.00
_M1
_UDAMAGED
_WJun 26, 2012
_ZMain Library Open Access Collection
999 _c42271
_d42271